Mundialización de la solidaridad y de la esparanza /
Es la reproducción de una charla ofrecida con motivo de la celebración del 20 aniversario del Martirio de Monseñor Romero en El Salvador, celebrando también el Jubileo de Jesús, en la que se habla de los efectos de la globalización como causal de desigualdad entre los países y los seres humanos. Pro...
Guardat en:
| Autor principal: | |
|---|---|
| Format: | Text |
| Idioma: | Spanish |
| Matèries: | |
| Etiquetes: |
Afegir etiqueta
Sense etiquetes, Sigues el primer a etiquetar aquest registre!
|
MARC
| LEADER | 00000 a a2200000 04500 | ||
|---|---|---|---|
| 001 | 326 | ||
| 003 | cru CIDCACS/IIS | ||
| 005 | 20230328160815.0 | ||
| 008 | 230328b |||||||| |||| 00| 0 spa d | ||
| 040 | |c cru CIDCACS/IIS | ||
| 100 | |a Casaldáliga, Pablo | ||
| 245 | |a Mundialización de la solidaridad y de la esparanza / |c Pablo Casaldáliga | ||
| 520 | |a Es la reproducción de una charla ofrecida con motivo de la celebración del 20 aniversario del Martirio de Monseñor Romero en El Salvador, celebrando también el Jubileo de Jesús, en la que se habla de los efectos de la globalización como causal de desigualdad entre los países y los seres humanos. Promueve la justicia social, en busca de la solidaridad fortalecida y de una esperanza inclaudicable, mundializadas en y desde nuestra América. REV/LCL | ||
| 650 | |a CONFERENCIAS | ||
| 650 | |a GLOBALIZACION | ||
| 650 | |a IDEOLOGIAS | ||
| 773 | |g volumen 24, número 311; páginas 15-18 | ||
| 773 | 0 | |0 42391 |9 3517 |a Agencia Latinoamericana de Información, ALAI |d Quito, Ecuador: ALAI |o 08361 |t ALAI: |x 08275564 | |
| 942 | |2 ddc |c PP | ||
| 999 | |c 30435 |d 30435 | ||
